Budapest.
Uložené v:
| Médium: | Kniha |
|---|---|
| Jazyk: | Hungarian |
| Vydané: |
Békéscsaba :
Kner Printing House,
1985
|
| Vydanie: | 5. vyd. |
| Témy: | |
| ISBN: |
9631319709 (viaz.) |
| Fyzický popis: |
70 s. |
| Tagy: |
Pridať tag
Žiadne tagy, Buďte prvý kto otaguje tento záznam!
|
Titul je dostupný aj v ... 

MARC
| LEADER | 00000nam a2200000 a 4500 | ||
|---|---|---|---|
| 001 | 000074949 | ||
| 003 | SVKK | ||
| 005 | 20010430000000.0 | ||
| 008 | 000724s1985 hu e huno | ||
| 020 | |a 9631319709 (viaz.) | ||
| 040 | |a SVKKK |b slo |c SVKKK |e AACR2 | ||
| 041 | 0 | |a hun | |
| 044 | |a hu |c HU | ||
| 080 | |a 908(439.151)(084) |2 1997 | ||
| 080 | |a 779(439) |2 1997 | ||
| 245 | 0 | 0 | |a Budapest. |
| 250 | |a 5. vyd. | ||
| 260 | |a Békéscsaba : |b Kner Printing House, |c 1985 | ||
| 300 | |a 70 s. | ||
| 653 | 0 | |a Budapešť (Maďarsko) |2 SVKKKPH | |
| 653 | 0 | |a texty a fotografie |2 SVKKKPH | |
| 655 | 7 | |a obrazové publikácie |2 SVKKKPH | |
| 910 | |a svkkk | ||
| 919 | |a 963-13-1970-9 | ||
| 974 | |a UH |d 20000724 | ||
| 974 | |a PA |d 20000724 | ||
| 974 | |a PA |d 20010430 | ||
| 998 | |a BK | ||
| 090 | |g SCKHL |k Sklad Pribinova prízemie |a IV.165426 |j 867523 |i 2720231738 |s Absenčne | ||